000 00568nam a2200205Ia 4500
005 20250923150057.0
008 008 250917s9999 xx 000 0 eng d
037 _aTextual
040 _aDSWL
_beng
_cDSWL
041 _aeng
_2eng
084 _aY15-5, POO
_qDSWL
100 _aARYA, Sadhna
_9841970
245 0 _aWomen gender equality and the work state
_c by SadhnaARYA
260 _aNew Delhi
_b Deep & Deep Sons India
_c2000
300 _a324
365 _aINR
_b650
925 _g650
942 _cTEXL
_hY15-5, POO
999 _c1459300
_d1459300